Score 0/20 Timer 02:00
0 Plays Today
Hint Answer % Correct
Saved by the ____Bell
98.2%
Star Trek: The Next ____Generation
97.3%
____, She WroteMurder
97.3%
21 ____ StreetJump
94.6%
Too ____ for ComfortClose
93.3%
____, P.I.Magnum
92.4%
Knight ____Rider
88.9%
In the ____ of the NightHeat
84%
____ HouseFull
83.2%
____ in ChargeCharles
81.4%
Hint Answer % Correct
Who's The ____?Boss
81.4%
The People's ____Court
80.8%
____ BrewsterPunky
80.5%
Gimme a ____!Break
79.8%
Remington ____Steele
78.2%
Designing ____Women
74.9%
Simon & ____Simon
63.9%
____ PegsSquare
58.6%
A ____ WorldDifferent
53.5%
____ Like A FoxCrazy
45.3%

Today's Daily Dose

You're not logged in!

Compare scores with friends on all Sporcle quizzes.
OR
Log In

Sporcle TV

Today on Sporcle TV


Watch our educational content, quiz creation guides, and fun videos on Sporcle TV.

Show Comments

Extras

Top Quizzes Today


Score Distribution

Paid Content

Your Account Isn't Verified!

In order to create a playlist on Sporcle, you need to verify the email address you used during registration. Go to your Sporcle Settings to finish the process.

Report this User

Report this user for behavior that violates our Community Guidelines.

Details: